Normal view
MARC view
- Caloyannides Michael A.
Entry Personal Name
001 - CONTROL NUMBER
- control field: 21168
003 - CONTROL NUMBER IDENTIFIER
- control field: NUST
005 - DATE AND TIME OF LATEST TRANSACTION
- control field: 20190924115149.0
008 - FIXED-LENGTH DATA ELEMENTS
- fixed length control field: 190924|| aca||aabn | a|a d
040 ## - CATALOGING SOURCE
- Original cataloging agency: NUST
- Transcribing agency: NUST
100 ## - HEADING--PERSONAL NAME
- Personal name: Caloyannides Michael A.
670 ## - SOURCE DATA FOUND
- Source citation: Work cat.: (NUST): Caloyannides Michael A., Privacy Protection and Computer Forensics
